Pays à la balance commerciale excédentaire - Statistics

General Stats
  • This quiz has been taken 35 times
  • The average score is 29 of 73
Answers on the Map
Answers color-coded by a green-red scale on the quiz's map according to % correct below.
 
Answer Stats
Answer % Correct
Chine
91%
Argentine
81%
Brésil
81%
Russie
81%
Australie
78%
Espagne
78%
Allemagne
75%
Italie
75%
Suisse
75%
Algérie
72%
Norvège
72%
Arabie Saoudite
69%
Portugal
69%
Suède
69%
Chili
66%
Finlande
66%
Turquie
66%
Afrique du Sud
63%
Pologne
56%
Corée du Sud
53%
Cuba
53%
Danemark
53%
Indonésie
53%
Israël
53%
Pérou
53%
Oman
47%
Thaïlande
47%
Uruguay
47%
Viêt Nam
47%
Bulgarie
44%
Qatar
44%
Equateur
41%
Estonie
41%
Pays-Bas
41%
Angola
38%
Malaisie
38%
Panama
38%
Côte d'Ivoire
34%
Libye
34%
Autriche
31%
Costa Rica
31%
Irlande
31%
Koweït
31%
Niger
31%
Slovaquie
31%
Slovénie
31%
Singapour
28%
Chypre
25%
Hongrie
25%
Lituanie
25%
Malte
25%
Papouasie-Nouvelle-Guinée
25%
Arménie
22%
Bahreïn
22%
Belize
22%
Djibouti
19%
Gabon
19%
Kazakhstan
19%
Soudan du Sud
19%
Tchad
19%
Zambie
19%
Azerbaïdjan
16%
Ghana
16%
Suriname
16%
Guinée équatoriale
13%
Turkménistan
13%
Emirats Arabes Unis
9%
République tchèque
9%
Brunei
6%
Iraq
6%
Saint-Marin
6%
Luxemboug
0%
République du Congo
0%
No matching quizzes found
Score Distribution
Percent of People with Each Score
Percentile by Number Answered
Your Score History
You have not taken this quiz